<?xml version="1.0" encoding="UTF-8"?><?xml-stylesheet type="text/xsl" href="static/style.xsl"?><OAI-PMH xmlns="http://www.openarchives.org/OAI/2.0/" xmlns:xsi="http://www.w3.org/2001/XMLSchema-instance" xsi:schemaLocation="http://www.openarchives.org/OAI/2.0/ http://www.openarchives.org/OAI/2.0/OAI-PMH.xsd"><responseDate>2026-06-01T20:48:45Z</responseDate><request verb="GetRecord" identifier="oai:riuma.uma.es:10630/28709" metadataPrefix="marc">https://riuma.uma.es/rest/oai/request</request><GetRecord><record><header><identifier>oai:riuma.uma.es:10630/28709</identifier><datestamp>2026-02-03T11:03:29Z</datestamp><setSpec>com_10630_2254</setSpec><setSpec>col_10630_37953</setSpec></header><metadata><record xmlns="http://www.loc.gov/MARC21/slim" xmlns:dcterms="http://purl.org/dc/terms/" xmlns:doc="http://www.lyncode.com/xoai" xmlns:xsi="http://www.w3.org/2001/XMLSchema-instance" xsi:schemaLocation="http://www.loc.gov/MARC21/slim http://www.loc.gov/standards/marcxml/schema/MARC21slim.xsd">
   <leader>00925njm 22002777a 4500</leader>
   <datafield ind2=" " ind1=" " tag="042">
      <subfield code="a">dc</subfield>
   </datafield>
   <datafield ind2=" " ind1=" " tag="720">
      <subfield code="a">Delgado-Pérez, Tomás</subfield>
      <subfield code="e">author</subfield>
   </datafield>
   <datafield ind2=" " ind1=" " tag="720">
      <subfield code="a">García-Gómez, Laura</subfield>
      <subfield code="e">author</subfield>
   </datafield>
   <datafield ind2=" " ind1=" " tag="720">
      <subfield code="a">Fortes-Román, Francisco Javier</subfield>
      <subfield code="e">author</subfield>
   </datafield>
   <datafield ind2=" " ind1=" " tag="720">
      <subfield code="a">Cabalín-Robles, Luisa María</subfield>
      <subfield code="e">author</subfield>
   </datafield>
   <datafield ind2=" " ind1=" " tag="720">
      <subfield code="a">Liñán-Baena, Cristina</subfield>
      <subfield code="e">author</subfield>
   </datafield>
   <datafield ind2=" " ind1=" " tag="720">
      <subfield code="a">Vadillo-Pérez, Iñaki</subfield>
      <subfield code="e">author</subfield>
   </datafield>
   <datafield ind2=" " ind1=" " tag="720">
      <subfield code="a">Jiménez-Gavilán, Pablo</subfield>
      <subfield code="e">author</subfield>
   </datafield>
   <datafield ind2=" " ind1=" " tag="720">
      <subfield code="a">Ojeda, Lucía</subfield>
      <subfield code="e">author</subfield>
   </datafield>
   <datafield ind2=" " ind1=" " tag="720">
      <subfield code="a">Laserna-Vázquez, José Javier</subfield>
      <subfield code="e">author</subfield>
   </datafield>
   <datafield ind2=" " ind1=" " tag="260">
      <subfield code="c">2024-01-06</subfield>
   </datafield>
   <datafield ind2=" " ind1=" " tag="520">
      <subfield code="a">Moonmilk-type deposits exemplify carbonated Martian analogues existing in the subsurface of Earth, an endokarstic speleothem with a possible biochemical origin composed principally by carbonates, mainly huntite and dolomite. In this work, samples of moonmilk located in Nerja Cave (southern Spain) have been studied by LIBS with the aim of identifying carbon of biogenic origin by establishing a relationship between a molecular emission indicator, CN signal, and the organic carbon content. The characterization of this kind of carbonate deposit with a multiple mineralogical composition has been completed using scanning electron microscopy (SEM), energy dispersive X-ray (EDX) and X-ray diffraction techniques for qualitative and semi-quantitative analysis. The information attained from LIBS regarding energy thresholds and time-resolved kinetics of CN emissions provides useful insight into the identification of different molecular emitters, namely organic and inorganic CN, depending on the laser irradiance and time settings conditions. These promising results are of application in the search and identification of biosignatures in upcoming planetary missions with astrobiological purposes.</subfield>
   </datafield>
   <datafield ind1="8" ind2=" " tag="024">
      <subfield code="a">T. Delgado, L. García-Gómez, F.J. Fortes, L.M. Cabalín, C. Liñán, I. Vadillo, P. Jiménez-Gavilán, L. Ojeda, J.J. Laserna, Discriminating organic carbon from endokarstic moonmilk-type deposits by LIBS. The case of a natural carbonated Martian analogue, Talanta, Volume 271, 2024, 125639, ISSN 0039-9140, https://doi.org/10.1016/j.talanta.2024.125639.</subfield>
   </datafield>
   <datafield ind1="8" ind2=" " tag="024">
      <subfield code="a">https://hdl.handle.net/10630/28709</subfield>
   </datafield>
   <datafield ind1="8" ind2=" " tag="024">
      <subfield code="a">10.1016/j.talanta.2024.125639</subfield>
   </datafield>
   <datafield tag="653" ind2=" " ind1=" ">
      <subfield code="a">Química analítica</subfield>
   </datafield>
   <datafield tag="653" ind2=" " ind1=" ">
      <subfield code="a">Geología</subfield>
   </datafield>
   <datafield ind2="0" ind1="0" tag="245">
      <subfield code="a">Discriminating organic carbon from endokarstic moonmilk-type deposits by LIBS. The case of a natural carbonated Martian analogue</subfield>
   </datafield>
</record>
</metadata></record></GetRecord></OAI-PMH>